BULLSHT JOBS (Record no. 1218258)

MARC details
000 -LEADER
fixed length control field 00419nam a2200169Ia 4500
008 - FIXED-LENGTH DATA ELEMENTS--GENERAL INFORMATION
fixed length control field 260330s2019 xx 000 0 und d
020 ## - INTERNATIONAL STANDARD BOOK NUMBER
International Standard Book Number 978014198347-9
041 ## - LANGUAGE CODE
Language code of text/sound track or separate title eng
082 ## - DEWEY DECIMAL CLASSIFICATION NUMBER
Classification number 658.3
Item number GRD
100 ## - MAIN ENTRY--PERSONAL NAME
Personal name GRAEBER, DAVID
245 ## - TITLE STATEMENT
Title BULLSHT JOBS
260 ## - PUBLICATION, DISTRIBUTION, ETC.
Name of publisher, distributor, etc. PENGUIN BOOKS LTD. PUNE
Date of publication, distribution, etc. 2019
300 ## - PHYSICAL DESCRIPTION
Extent XXV/333pg
Other physical details PB
365 ## - TRADE PRICE
Currency code Rs.
650 ## - SUBJECT ADDED ENTRY--TOPICAL TERM
Topical term or geographic name entry element Human Resource Management
700 ## - ADDED ENTRY--PERSONAL NAME
Personal name GRAEBER, DAVID
Holdings
Withdrawn status Lost status Damaged status Not for loan Home library Current library Date acquired Source of acquisition Cost, normal purchase price Total Checkouts Full call number Barcode Date last seen Cost, replacement price Price effective from Koha item type
        Abhijit Kadam Institute of Management & Social Science, Solapur Abhijit Kadam Institute of Management & Social Science, Solapur 01/03/2026 Best Book Suppliers 629.10   658.3/GRD AKS-C-04738 30/03/2026 629.10 30/03/2026 Book